000 00509nam a22001217a 4500
082 _a200 THE
100 _aAhmed Fraz
_970715
245 _aTH-SOF-1083-Analysis of existing Project Management practices of Engineering Organizations operating on Make-to-Order projects and development of an effective Earned Value Management and Earned Schedu
260 _aISLAMABAD
_bNUST COLLEGE OF EME
_c2015
650 _aMS-EM-7 MSTHESIS
_969831
700 _aSUPERVISOR Dr. Syed Tasweer Hussain Shah
_969732
942 _cCF
999 _c577621
_d577621